000 00445nam a2200193Ia 4500
005 20240823054504.0
008 240823s9999||||xx |||||||||||||| ||und||
020 _a978-1-25-902983-7
041 _aENGLISH
082 _A624
100 _aDuggal S K
245 0 _aSurveying : Volume 2
250 _a4th
260 _bMcGraw - Hill Higher Educ
_aNew York
500 _aYES
650 _aSurveying
_bCivil
942 _cBK
999 _c226575
_d226575